• 首页
  • 本馆介绍
  • 公告通知
  • 最新文献
  • 馆藏检索
  • 电子资源
  • 读者导购
  • 参考咨询
  • 我的图书馆
  • 登录
  • 详细信息显示
  • 放入我的书架
  • 预约/预借图书
  • 作者相关作品
  • 分类相关作品
  • 丛书相关作品
  • 出版社相关作品

书目信息

  • 表格格式
  • 工作单格式
  • 卡片格式
题名:
哲学、宗教与文化
    
 
作者: 翟志宏 著
分册:  
出版信息: 北京   中国社会科学出版社  2013
页数: 363页
开本: 21cm
丛书名: 武汉大学哲学学院教授丛书
单 册:
中图分类: B503.21
科图分类:
主题词: 宗教哲学--文集 , 文化--文集 , 宗教哲学 , 文化
电子资源:
ISBN: 978-7-5161-3183-1
000 01081nam0 2200289 450
001 519
005 20140904161054.31
010    @a978-7-5161-3183-1@dCNY38.00
100    @a20140228d2013 em y0chiy50 ea
101 0  @achi
102    @aCN@b110000
105    @ay z 000yy
106    @ar
200 1  @a哲学、宗教与文化@AZhe Xue、 Zong Jiao Yu Wen Hua@f翟志宏著@FZhai Zhi Hong Zhu
210    @a北京@c中国社会科学出版社@d2013
215    @a363页@d21cm
225 2  @a武汉大学哲学学院教授丛书
330    @a本书分两部分:哲学与宗教、文化双城记与文明观的讨论。收录《阿奎那:其人其事》、《走进神学中的理性》、《阿奎那理性神学基本特征论析》、《论阿奎那理性神学基本方法的认识论意义》、《阿奎那存在论证明的理性立场与神学内涵》、《中国近代社会与城市化》、《斯宾格勒与汤因比文化文明观评价》等19篇论文。
461  0 @12001 @a武汉大学哲学学院教授丛书
606 0  @a宗教哲学@j文集
606 0  @a文化@j文集
606 0  @a宗教哲学
606 0  @a文化
690    @aB503.21@v5
701  0 @a翟志宏@AZhai Zhi Hong@4著
801  0 @aCN@bTANGWEI@c20140603
905    @b0838981-83@dB503.21@e73@f3
    
    哲学、宗教与文化/翟志宏著.-北京:中国社会科学出版社,2013
    363页;21cm.-(武汉大学哲学学院教授丛书)
    
    
    ISBN 978-7-5161-3183-1:CNY38.00
    本书分两部分:哲学与宗教、文化双城记与文明观的讨论。收录《阿奎那:其人其事》、《走进神学中的理性》、《阿奎那理性神学基本特征论析》、《论阿奎那理性神学基本方法的认识论意义》、《阿奎那存在论证明的理性立场与神学内涵》、《中国近代社会与城市化》、《斯宾格勒与汤因比文化文明观评价》等19篇论文。
●
相关链接 在E读中查询图书 在五车中查询图书 在当当中查询图书 在豆瓣中查询图书


正题名:哲学、宗教与文化     索取号:B503.21/73         预约/预借

序号 登录号 条形码 馆藏地/架位号 状态 备注
1 0838981   208389812   第一样本阅览室/ [索取号:B503.21/73] 在馆    
2 0838982   208389821   第一借阅区/ [索取号:B503.21/73] 在馆    
3 0838983   208389830   第一借阅区/ [索取号:B503.21/73] 在馆    
唐山师范学院图书馆 欢迎您!
大连网信软件有限公司© 版权所有